• 首页
  • 本馆介绍
  • 公告通知
  • 最新文献
  • 馆藏检索
  • 电子资源
  • 读者导购
  • 参考咨询
  • 我的图书馆
  • 登录
  • 详细信息显示
  • 放入我的书架
  • 预约/预借图书
  • 作者相关作品
  • 分类相关作品
  • 丛书相关作品
  • 出版社相关作品

书目信息

  • 表格格式
  • 工作单格式
  • 卡片格式
题名:
马铃薯高效栽培与加工技术
    
 
作者: 魏章焕 , 张庆 主编
分册:  
出版信息: 北京   中国农业科学技术出版社  2015
页数: 237页, [4] 页图版
开本: 21cm
丛书名:
单 册:
中图分类: S532 , TS215
科图分类:
主题词: 马铃薯--ma ling shu--栽培技术 , 马铃薯--ma ling shu--食品加工
电子资源:
ISBN: 978-7-5116-2141-2
000 01103nam0 2200277 450
001 1644476906
005 20150818093453.7
010    @a978-7-5116-2141-2@dCNY35.00
100    @a20150817d2015 em y0chiy50 ea
101 0  @achi
102    @aCN@b110000
105    @aafk a 000yy
106    @ar
200 1  @a马铃薯高效栽培与加工技术@Ama ling shu gao xiao zai pei yu jia gong ji shu@f魏章焕, 张庆主编
210    @a北京@c中国农业科学技术出版社@d2015
215    @a237页, [4] 页图版@c图@d21cm
320    @a有书目 (第233-237页)
330    @a本书介绍了马铃薯的起源与传播、马铃薯的营养与保健价值、发展马铃薯产业的意义、马铃薯的品种类型与优良品种、马铃薯高效栽培技术、马铃薯高效种植模式及其技术要点、马铃薯种薯生产技术 ; 阐述了马铃薯的机械化作业、马铃薯病虫草害防治 ; 同时对向主粮化推进的马铃薯深加工与贮藏技术作了深入的介绍。
606 0  @a马铃薯@Ama ling shu@x栽培技术
606 0  @a马铃薯@Ama ling shu@x食品加工
690    @aS532@v5
690    @aTS215@v5
701  0 @a魏章焕@Awei zhang huan@4主编
701  0 @a张庆@Azhang qing@4主编
801  0 @aCN@b人天书店@c20150817
905    @aBZT@dS532@e28
    
    马铃薯高效栽培与加工技术/魏章焕, 张庆主编.-北京:中国农业科学技术出版社,2015
    237页, [4] 页图版:图;21cm
    
    
    ISBN 978-7-5116-2141-2:CNY35.00
    本书介绍了马铃薯的起源与传播、马铃薯的营养与保健价值、发展马铃薯产业的意义、马铃薯的品种类型与优良品种、马铃薯高效栽培技术、马铃薯高效种植模式及其技术要点、马铃薯种薯生产技术 ; 阐述了马铃薯的机械化作业、马铃薯病虫草害防治 ; 同时对向主粮化推进的马铃薯深加工与贮藏技术作了深入的介绍。
●
相关链接 在五车中查询图书 在当当中查询图书 在豆瓣中查询图书


正题名:马铃薯高效栽培与加工技术     索取号:S532/28         预约/预借

序号 登录号 条形码 馆藏地/架位号 状态 备注
1 820061   2000820061   第二书库/ [索取号:S532/28] 在馆    
2 820062   2000820062   第二书库/ [索取号:S532/28] 在馆    
3 820063   2000820063   第二书库/ [索取号:S532/28] 在馆    
山东省滨州职业学院图书馆 欢迎您!
大连网信软件有限公司© 版权所有